000 00575nam a2200229Ia 4500
003 OSt
005 20220918175050.0
006 a|||||r|||| 00| 0
007 ta
008 220917b |||||||| |||| 00| 0 eng d
024 _a15,508
037 _cTextual
040 _aARTS
_cARTS
_beng
041 _2eng
_aeng
082 _aO:1H40:9, H4
100 _aLowes John Livingston
_952756
245 0 _aGeoffery Chaucer
260 _c1944
650 _aENGLISH LITERATURE
942 _hO:1H40:9, H4
_cTEXL
_2CC
999 _c155906
_d155906